| 000 | 00392cam a2200169ua 4500 | ||
|---|---|---|---|
| 020 | _c4 | ||
| 041 |
_aeng _h |
||
| 082 |
_a028.75 _bDAS/GU |
||
| 100 | _aDas, K . | ||
| 245 |
_aGuide to railway serveice examination / _cK.Das. _hTextual Documents |
||
| 260 |
_a : _bPurabi Book Centre , _c1966. |
||
| 300 | _a208 ; . | ||
| 365 | _a4 | ||
| 504 | _a | ||
| 942 | _cBK | ||
| 999 |
_c3104 _d3104 |
||